Loading...
| History - World | 0 | 5 | 0 | 0 | 50 | 102 | 124.60 | 0 | 0 | 0.00 | 0.00 |
| Religion | 0 | 5 | 1 | 1 | 45 | 119 | 140.80 | 0 | 2 | 0.00 | 0.00 |
| History - American | 0 | 4 | 0 | 2 | 40 | 88 | 130.25 | 0 | 1 | 0.00 | 0.00 |
| Modern World | 1 | 2 | 0 | 1 | 35 | 64 | 105.67 | 0 | 0 | 0.00 | 0.00 |
| Fine Arts - Other Arts | 0 | 2 | 0 | 0 | 20 | 110 | 130.50 | 1 | 1 | 0.00 | 0.00 |
| History - European | 0 | 2 | 0 | 2 | 20 | 147 | 150.50 | 0 | 0 | 0.00 | 0.00 |
| Literature - World | 0 | 2 | 0 | 0 | 20 | 128 | 144.00 | 0 | 0 | 0.00 | 0.00 |
| Other Science (Math) | 1 | 1 | 1 | 0 | 20 | 55 | 97.00 | 0 | 1 | 0.00 | 0.00 |
| Social Science | 0 | 2 | 0 | 0 | 20 | 114 | 114.00 | 1 | 1 | 0.00 | 0.00 |
| Science - Physics | 0 | 2 | 1 | 0 | 15 | 119 | 123.50 | 0 | 0 | 0.00 | 0.00 |
| Geography | 1 | 0 | 0 | 0 | 15 | 70 | 70.00 | 1 | 1 | 0.00 | 0.00 |
| Other Science (Earth Science) | 0 | 1 | 0 | 1 | 10 | 151 | 151.00 | 0 | 0 | 0.00 | 0.00 |
| Literature - British | 0 | 1 | 0 | 0 | 10 | 151 | 151.00 | 0 | 0 | 0.00 | 0.00 |
| Other Science (Mixed/Any) | 0 | 1 | 0 | 0 | 10 | 108 | 108.00 | 0 | 0 | 0.00 | 0.00 |
| Other Science (Engineering) | 0 | 1 | 0 | 0 | 10 | 90 | 90.00 | 0 | 1 | 0.00 | 0.00 |
| Other Academic | 0 | 1 | 0 | 0 | 10 | 147 | 147.00 | 0 | 0 | 0.00 | 0.00 |
| History - Other | 0 | 1 | 1 | 1 | 5 | 155 | 155.00 | 0 | 0 | 0.00 | 0.00 |
| Mythology | 0 | 1 | 1 | 0 | 5 | 113 | 113.00 | 0 | 1 | 0.00 | 0.00 |
| Science - Biology | 0 | 0 | 0 | 0 | 0 | 0.00 | 0 | 0 | 0.00 | 0.00 | |
| Science - Chemistry | 0 | 0 | 1 | 0 | -5 | 0.00 | 0 | 0 | 0.00 | 0.00 |